| 000 | 00510nam a2200193Ia 4500 | ||
|---|---|---|---|
| 003 | OSt | ||
| 005 | 20250219105809.0 | ||
| 008 | 210210b1947 xxu||||| |||| 00| 0 eng d | ||
| 040 | _cAL | ||
| 041 | _aeng | ||
| 082 | _a861/106 | ||
| 100 |
_aLAL (Jagath Narayan) _9201072 |
||
| 110 |
_bलाल जगत नारायण _9201073 |
||
| 245 |
_aJyotsna: _bज्योतसना |
||
| 260 |
_aMumbai _bHind Kitabs Ltd., _c1947 |
||
| 690 |
_aHindi Poetry _9201074 |
||
| 906 | _a026340 | ||
| 942 |
_2ddc _cBK |
||
| 999 |
_c148034 _d148034 |
||